00437nam a2200193Ia 4500003000900000008004100009040001300050040001300063041000800076245002900084250000900113260002500122260000900147300001000156300001200166490003500178490000600213710002400219IT-RoPAU120407s9999 xx 000 0 und d aIT-RoPAU cIT-RoPAU aita aComunità€. Riflessioni. aRoma aCasa Generalizia SSP c1979 a79 p. c21,5 cm a(S. Paolo Studi/Ricerche, 1). v1 aSocietà€ San Paolo